| 000 | 00854nam a22002537a 4500 | ||
|---|---|---|---|
| 082 |
_a930.1 _bREN _cN-01, P-145 |
||
| 100 |
_aRenfrew, Colin _946221 |
||
| 245 |
_aArchaeology theories Methods & practice _cColin Renfrew |
||
| 250 | _a3rd ed. | ||
| 260 |
_aIslamabad, Pakistan _bNational Book Foundation |
||
| 300 | _a640 p. | ||
| 526 |
_a0 _b0 _c0 _d930_100000000000000_REN |
||
| 526 |
_a0 _b0 _c0 _d930_100000000000000_REN |
||
| 526 |
_a0 _b0 _c0 _d930_100000000000000_REN |
||
| 526 |
_a0 _b0 _c0 _d930_100000000000000_REN |
||
| 526 |
_a0 _b0 _c0 _d930_100000000000000_REN |
||
| 526 |
_a0 _b0 _c0 _d930_100000000000000_REN |
||
| 526 |
_a0 _b0 _c0 _d930_100000000000000_REN |
||
| 526 |
_a0 _b0 _c0 _d930_100000000000000_REN |
||
| 526 |
_a0 _b0 _c0 _d930_100000000000000_REN |
||
| 526 |
_a0 _b0 _c0 _d930_100000000000000_REN |
||
| 650 |
_aMCE _9379 |
||
| 942 |
_2ddc _cBK |
||
| 999 |
_c549574 _d549574 |
||